10 Największych państw świata - Statystyki

Ogólne statystyki
  • Ten quiz został rozwiązany 42 razy
  • Średni wynik to 9 z 10
Statystyki odpowiedzi
Powierzchnia Państwo % Poprawnych
9,5 mln km2 Stany Zjednoczone
100%
9,98 mln km2 Kanada
97%
17,1 mln km2 Rosja
97%
7,7 mln km2 Australia
95%
9,6 mln km2 Chiny
95%
8,5 mln km2 Brazylia
92%
3,3 mln km2 Indie
92%
2,7 mln km2 Kazachstan
89%
2,8 mln km2 Argentyna
81%
2,4 mln km2 Algieria
73%
Nie znaleziono quizów pasujących do podanych kryteriów
Rozkład punktacji
Procent ludzi z każdym wynikiem
Percentyl według liczby udzielonych odpowiedzi
Twoja historia wyników
Nie rozwiązałeś tego quizu